Statistics for EVERY MLB BASEBALL MVP SINCE 2010

Click here to take the quiz!

General Stats

  • This quiz has been taken 44 times
  • The average score is 24 of 26

Answer Stats

HintAnswer% Correct
2022 NYYAaron Judge
100%
2019 LAAMike Trout
100%
2016 LAAMike Trout
100%
2014 LAAMike Trout
100%
2018 BOSMookie Betts
100%
2021 PHIBryce Harper
98%
2015 WASBryce Harper
98%
2021 LAAShohei Ohtani
98%
2017 HOUJose Altuve
95%
2012 DETMiguel Cabrera
95%
2013 DETMiguel Cabrera
95%
2022 STLPaul Goldschmidt
95%
2018 MILChristian Yelich
93%
2014 LADClayton Kershaw
93%
2020 ATLFreddie Freeman
93%
2013 PITAndrew McCutchen
91%
2019 LADCody Bellinger
91%
2010 CINJoey Votto
91%
2012 SFBuster Posey
89%
2017 MIAGiancarlo Stanton
86%
2016 CHCKris Bryant
84%
2020 CHWJosé Abreu
82%
2011 DETJustin Verlander
82%
2011 MILRyan Braun
77%
2015 TORJosh Donaldson
73%
2010 TEXJosh Hamilton
66%

Score Distribution

Percentile by Number Answered

Percent of People with Each Score

Your Score History

You have not taken this quiz